| 000 | 01109nam a2200217Ia 4500 | ||
|---|---|---|---|
| 003 | Ost | ||
| 005 | 20260507075747.0 | ||
| 008 | 260507s9999||||xx |||||||||||||| ||und|| | ||
| 040 | _cfsecg | ||
| 041 | _aara | ||
| 082 | _a330 | ||
| 100 |
_aالقاضي، حسين يوسف _eمؤلف |
||
| 245 | 0 |
_aتدقيق الحسابات / _c حسين يوسف القاضي |
|
| 260 |
_aعمان: _bالدار العلمية الدولية للنشر والتوزيع, _c2000 |
||
| 300 |
_a384 صفحة؛ _bإيضاحات ؛ _c24 سم |
||
| 520 | _aإعتبارات وإجراءات التدقيق في بيئة الحاسوب- إجراءات تدقيق حسابات دورةالإيرادات- إجراءات تدقيق حسابات دورة المشتريات- إجراءات تدقيق دورة الرواتب والاجور- إجراءات تدقيق دورة الإستثمار والحيازة- إجراءات تدقيق دورة التمويل. | ||
| 653 | _aالحسابات | ||
| 653 | _aتدقيق الحسابات | ||
| 700 |
_aدحدوح، حسين أحمد _eمؤلف ثانوي |
||
| 942 | _cكتاب | ||
| 999 |
_c46207 _d46207 |
||